Diseño y simulación a través de la herramienta computacional MATLAB de un arreglo en fase de dos elementos con la técnica de Haces conmutados
Presenta un estudio sobre la técnica de haces conmutados aplicados al diseño de una antena inteligente, la cual permite reutilizar densamente las frecuencias de una red incrementando su capacidad y mejorando la calidad en los servicios de comunicación.
| Main Author: | |
|---|---|
| Other Authors: | |
| Format: | Tesis Section = Libro |
| Language: | Undetermined Spanish |
| Published: |
Managua
UNI
2010
|
| Subjects: |
| LEADER | 01044nam a2200217Ia 4500 | ||
|---|---|---|---|
| 008 | 240830s9999 xx 000 0 und d | ||
| 040 | |a BIBLIOTECA-RUSB/ T.Mon 621.3824 V436 | ||
| 041 | |a spa | ||
| 082 | |a T.Mon 621.3824 V436 | ||
| 100 | 1 | |a Vélez Midence, Armando | |
| 245 | 1 | 0 | |a Diseño y simulación a través de la herramienta computacional MATLAB de un arreglo en fase de dos elementos con la técnica de Haces conmutados |
| 260 | |a Managua |b UNI |c 2010 | ||
| 300 | |a 28 p. :il. | ||
| 502 | |a Tesis (Ingeniero en Computación e Ingeniero Electrónico) - UNI, 2010. | ||
| 520 | 3 | |a Presenta un estudio sobre la técnica de haces conmutados aplicados al diseño de una antena inteligente, la cual permite reutilizar densamente las frecuencias de una red incrementando su capacidad y mejorando la calidad en los servicios de comunicación. | |
| 650 | 7 | |a ANTENAS - ELECTRÓNICA | |
| 650 | 7 | |b SISTEMA DE COMUNICACIÓN MÓVIL | |
| 700 | 1 | |a Tutor: |b Dalla-Torre Parrales, Cedrick Elksnher | |
| 942 | |c BK |2 ddc | ||
| 991 | |a TESIS | ||
| 999 | |c 21860 | ||